000 00191nam a2200085Ia 4500
008 120527s9999 xx 000 0 und d
100 _aLewis, Ricki
245 _aBeginnings of life
942 _cBK
999 _c27334
_d27334